Технологические процессы переработки и использования природного газа: учебное пособие

Podrobná bibliografie
Hlavní autor: Ахмедьянова Р. А.
Další autoři: Рахматуллина А. П., Шайхутдинова Л. М.
Shrnutí:Дано описание технологий переработки и использования природных газов. Рассмотрено сырье газоперерабатывающих заводов, вопросы первичной переработки углеводородных газов, в том числе выделение гелия, экологические проблемы добычи и сжигания природного газа, а также газохимические технологии.
Jazyk:ruština
Vydáno: Санкт-Петербург, Профессия, 2016
Témata:
Médium: MixedMaterials Kniha
KOHA link:https://koha.lib.tpu.ru/cgi-bin/koha/opac-detail.pl?biblionumber=321831

MARC

LEADER 00000nam0a2200000 4500
001 321831
005 20231101021956.0
010 |a 9785918840870 
035 |a (RuTPU)RU\TPU\book\347387 
090 |a 321831 
100 |a 20160907d2016 m y0rusy50 ca 
101 0 |a rus 
102 |a RU 
105 |a a j 001zy 
200 1 |a Технологические процессы переработки и использования природного газа  |e учебное пособие  |f Р. А. Ахмедьянова, А. П. Рахматуллина, Л. М. Шайхутдинова 
210 |a Санкт-Петербург  |c Профессия  |d 2016 
215 |a 363 с.  |c ил. 
320 |a Библиогр.: с. 362-363 
330 |a Дано описание технологий переработки и использования природных газов. Рассмотрено сырье газоперерабатывающих заводов, вопросы первичной переработки углеводородных газов, в том числе выделение гелия, экологические проблемы добычи и сжигания природного газа, а также газохимические технологии. 
606 1 |a Газы природные  |x Переработка  |2 stltpush  |3 (RuTPU)RU\TPU\subj\33825 
610 1 |a газоперерабатывающие заводы 
610 1 |a сырье 
610 1 |a углеводородные газы 
610 1 |a первичная переработка 
610 1 |a попутный газ 
610 1 |a добыча 
610 1 |a сжигание 
610 1 |a экологические проблемы 
610 1 |a природный газ 
610 1 |a газохимические технологии 
610 1 |a синтез-газ 
610 1 |a низшие парафиновые углеводороды 
610 1 |a химическая переработка 
610 1 |a пиролиз 
610 1 |a пропилен 
610 1 |a бутадиен 
610 1 |a изобутилен 
610 1 |a изопрен 
610 1 |a метанол 
610 1 |a олефины 
610 1 |a гидроформилирование 
610 1 |a оксосинтез 
610 1 |a учебные пособия 
675 |a 665.62(075.8)  |v 4 
700 1 |a Ахмедьянова  |b Р. А. 
701 1 |a Рахматуллина  |b А. П. 
701 1 |a Шайхутдинова  |b Л. М. 
801 1 |a RU  |b 63413507  |c 20160907 
801 2 |a RU  |b 63413507  |c 20191114  |g RCR 
942 |c BK 
959 |a 2/20170120  |d 1  |e 1500,00  |f ЧЗТЛ:1 
959 |a 17/20191014  |d 3  |e 1500,00  |f УФ:3